| 000 | 01270nam a2200301 4500 | ||
|---|---|---|---|
| 001 | mccallsstepbyste00newy | ||
| 003 | CaSfIA | ||
| 005 | 20210118171643.0 | ||
| 007 | cr|||| | ||
| 008 | 700121s1969 nyua 001 0 eng | ||
| 010 | _a 78008964 | ||
| 040 |
_aDLC _cDLC _dCaSfIA |
||
| 035 | _a(OCoLC)51732 | ||
| 050 | 0 |
_aTT515 _b.M238 1969 |
|
| 082 | _a646.4/04 | ||
| 245 | 0 | 0 |
_aMcCall's step by step sewing book; _h[electronic resource] _brevised guide to smart sewing. |
| 260 |
_a[New York, _bMcCall Corp., _c1969] |
||
| 300 |
_a160 p. _billus. (part col.) _c29 cm. |
||
| 500 | _aCover title. | ||
| 650 | 0 | _aDressmaking. | |
| 740 | 0 | 1 | _aStep by step sewing book. |
| 029 | 1 |
_aAU@ _b000000231714 |
|
| 856 | 4 | 1 |
_uhttp://www.archive.org/details/mccallsstepbyste00newy _zFree eBook from the Internet Archive |
| 856 | 4 | 2 |
_uhttp://www.openlibrary.org/books/OL4721761M _zAdditional information and access via Open Library |
| 942 | _cEB | ||
| 506 | _fНеобхідна авторизація на https://archive.org/ (створення облікового запису безкоштовно) | ||
| 506 | _fНеобхідна авторизація на https://openlibrary.org/ (створення облікового запису безкоштовно) | ||
| 999 |
_c524085 _d524085 |
||